Harry Potter Zitate #5 - Statistiken

Allgemein
  • Dieses Quiz wurde 1.429 mal gespielt
  • Das Durchschnittsergebnis liegt bei 11 aus 15
Antwortstatistiken
Zitat Charaktär % Korrekt
Ein Kater? Sieht eher nach einen behaarten Schwein aus. Die haben dich betrogen. Ron Weasley
97%
Jeder interessiert sich für Fluffy. Rubeus Hagrid
95%
Es verlangt sehr viel Tapferkeit, sich seinen Feinden in den Weg zu stellen, aber wesentlich mehr noch, sich seinen Freunden in den Weg zu stellen. Albus Dumbledore
94%
Du magst die Weasleys, nicht wahr, Potter? Verbringst deine Ferien und so bei denen, stimmt's? Ich versteh nicht, wie du den Gestank aushalten kannst! Draco Malfoy
91%
Ist hier zufällig eine Kröte? Ein gewisser Neville hat seine verloren. Hermine Granger
91%
Zeit ist Galleonen wert, Brüderchen. Fred Weasley
86%
Für den Fall, dass es ihnen entgangen ist: Das Leben ist nicht fair. Severus Snape
83%
Tötet die Schlange! Harry Potter
79%
Sie scheinen mir bei bester Gesundheit zu sein, Potter, also werden Sie mir verzeihen, wenn ich Ihnen trotz allem Hausaufgaben gebe. Wenn Sie sterben, brauchen Sie die Arbeit nicht abzugeben, das versichere ich Ihnen. Minerva McGonagall
71%
Harry, bedaure nicht die Toten. Bedaure die Lebenden, und besonders diejenigen, die ohne Liebe leben. Sirius Black
69%
Ich habe experimentiert; ich habe die Grenzen der Magie erweitert, weiter vielleicht, als es jemals geschehen ist. Lord Voldemort
62%
Ja, als Wildhüter kommt man ja so selten an die frische Luft. Dolores Umbridge
56%
Es ist der Wert der Überzeugungen, der den Erfolg ausmacht. Nicht die Anzahl der Anhänger. Remus Lupin
56%
Unerzogener Bengel Kreacher
48%
Niedlich, zeig mal! Luna Lovegood
44%
Keine übereinstimmenden Quizze gefunden
Verteilung der Resultate
Anzahl Personen mit jedem Resultat
Perzentil nach korrekt beantworteten Fragen
Ihre Resultats-Entwicklung
Sie haben dieses Quiz noch nicht gespielt